| 000 | 00573nam a2200217 a 4500 | ||
|---|---|---|---|
| 999 |
_c8647 _d8647 |
||
| 001 | 8647 | ||
| 003 | BD-JhCC | ||
| 005 | 20180228175740.0 | ||
| 008 | 180228s r a|||| || | 000 0 eng d | ||
| 035 | _a(BD-JhCC)8647 | ||
| 040 |
_aBD-JhCC _dBD-JhCC |
||
| 041 | _aeng | ||
| 082 |
_a620.17 _bLIP 1965 |
||
| 100 | _aLipnitsky, A. | ||
| 245 |
_aThe Melting of Cast iron and non-ferrous Alloys / _cA. Lipnitsky, |
||
| 260 |
_aMoscow : _bPeace Publishers, _c1965. |
||
| 300 |
_a218 p. : _bill. ; _c20 cm. |
||
| 650 | _aNon ferrous metars | ||
| 942 |
_2ddc _cBK |
||